| 000 | 00602nam a2200181Ia 4500 | ||
|---|---|---|---|
| 008 | 100920s9999 xx 000 0 und d | ||
| 082 |
_b66578 _a28 व 375 0 |
||
| 100 | _aपाठक मंगेश. | ||
| 245 | _aकागद नगरीची सफर. | ||
| 260 |
_bजयदीप प्रकाशन, पुणे. _c0 |
||
| 300 |
_a26 _bसाधी |
||
| 365 | _b15 | ||
| 520 | _aबा.वि.शालो. | ||
| 630 | _aकागद नगरीची सफर. | ||
| 650 | _aबा.वि.शालो. | ||
| 730 | _aकागद नगरीची सफर. | ||
| 942 | _cBOOK | ||
| 999 |
_c709168 _d709165 |
||